Systems Analysis and Design / (Record no. 36920)

MARC details
000 -LEADER
fixed length control field 00471nam a22001697a 4500
005 - DATE AND TIME OF LATEST TRANSACTION
control field 20250516145817.0
008 - FIXED-LENGTH DATA ELEMENTS--GENERAL INFORMATION
fixed length control field 250516b |||||||| |||| 00| 0 eng d
020 ## - INTERNATIONAL STANDARD BOOK NUMBER
ISBN 9780538481618
082 ## - DEWEY DECIMAL CLASSIFICATION NUMBER
Classification number 005.8
Item number SHE-S
100 ## - MAIN ENTRY--AUTHOR
Author Name Shelly, Gray B.
245 ## - TITLE STATEMENT
Title Systems Analysis and Design /
Statement of responsibility, etc. Harry j.Rosenblatt
260 ## - PUBLICATION, DISTRIBUTION, ETC.
Place of Publication USA:
Name of publisher, distributor, etc. Elsevier;
Date of publication, distribution, etc. 2011.
300 ## - PHYSICAL DESCRIPTION
Pages xiv, 737 p. :
500 ## - GENERAL NOTE
General note include index.
650 ## - SUBJECT ADDED ENTRY--TOPICAL TERM
Subject / Department Artificial Intelligence
300 ## - PHYSICAL DESCRIPTION
-- ill;
-- 23 cm.
952 ## - LOCATION AND ITEM INFORMATION (KOHA)
-- 0
-- 0
952 ## - LOCATION AND ITEM INFORMATION (KOHA)
-- 0
-- 0
952 ## - LOCATION AND ITEM INFORMATION (KOHA)
-- 0
-- 0
952 ## - LOCATION AND ITEM INFORMATION (KOHA)
-- 0
-- 0
Holdings
Lost status Damaged status Collection code Permanent Location Current Location Shelving Location Date acquired Full Call Number Accession No./Barcode Date last seen Copy number item type Koha item type
    CS/IT Superior Information Resource Center (SIRC) Superior University- Gold Campus Superior Information Resource Center (SIRC) Superior University- Gold Campus Artificial intelligence 05/16/2025 005.8 SHE-S 2011 30176 05/16/2025 1 BOOK BOOK
    CS/IT Superior Information Resource Center (SIRC) Superior University- Gold Campus Superior Information Resource Center (SIRC) Superior University- Gold Campus Artificial intelligence 05/16/2025 005.8 SHE-S 2011 30177 05/16/2025 2 BOOK BOOK
    CS/IT Superior Information Resource Center (SIRC) Superior University- Gold Campus Superior Information Resource Center (SIRC) Superior University- Gold Campus Artificial intelligence 05/16/2025 005.8 SHE-S 2011 30178 05/16/2025 3 BOOK BOOK
    CS/IT Superior Information Resource Center (SIRC) Superior University- Gold Campus Superior Information Resource Center (SIRC) Superior University- Gold Campus Artificial intelligence 05/16/2025 005.8 SHE-S 2011 30179 05/16/2025 4 BOOK BOOK

Powered by Koha